Statistics for 21st Century Fast Typing

Click here to take the quiz!

General Stats

  • This quiz has been taken 97 times
  • The average score is 34 of 100

Answer Stats

Year% Correct
2001
100%
2002
95%
2003
94%
2004
94%
2005
94%
2006
94%
2007
94%
2008
90%
2009
90%
2010
88%
2011
88%
2012
88%
2013
88%
2014
88%
2015
88%
2016
88%
2017
88%
2018
87%
2019
87%
2020
87%
2021
87%
2022
86%
2023
84%
2024
82%
2025
81%
2026
81%
2027
79%
2028
77%
2029
73%
2030
68%
2031
65%
2032
65%
2033
57%
2034
55%
2035
52%
2036
47%
2037
44%
2038
42%
2039
40%
2040
38%
2041
35%
2042
31%
2043
30%
2044
23%
2045
23%
2046
23%
2047
19%
2048
17%
2049
14%
2050
12%
2051
12%
2052
12%
2053
9%
2054
6%
2055
5%
2056
5%
2057
4%
2058
4%
2059
4%
2060
3%
2061
3%
2062
3%
2063
1%
2100
1%
2064
0%
2065
0%
2066
0%
2067
0%
2068
0%
2069
0%
2070
0%
2071
0%
2072
0%
2073
0%
2074
0%
2075
0%
2076
0%
2077
0%
2078
0%
2079
0%
2080
0%
2081
0%
2082
0%
2083
0%
2084
0%
2085
0%
2086
0%
2087
0%
2088
0%
2089
0%
2090
0%
2091
0%
2092
0%
2093
0%
2094
0%
2095
0%
2096
0%
2097
0%
2098
0%
2099
0%

Score Distribution

Percentile by Number Answered

Percent of People with Each Score

Your Score History

You have not taken this quiz